000 00462nam a22001577a 4500
005 20230119121507.0
008 190917b xxu||||| |||| 00| 0 eng d
020 _a978-93-86478-64-1
041 _aeng
100 _aRAJE,V.N & OTHERS
_96786
245 _aPHARMACEUTICAL CHEMISTRY -I : FOR FIRST YEAR DIPLOMA IN PHARMACY
260 _aNEW DELHI
_bC BS PUBLISHERS AND DISTRIBUTORS PVT.LTD
300 _a162p,
650 _aPHARMACY
_xB.PHARMA
_97083
942 _cBK
999 _c6005
_d6003